[Event "Mersin op 7th"]
[Site "Mersin"]
[Date "2023.11.13"]
[Round "2"]
[White "Guven, Oguz Kagan"]
[Black "Akhvlediani, Irakli"]
[Result "0-1"]
[WhiteElo "2142"]
[BlackElo "2366"]
[PlyCount "105"]
[EventDate "2023.11.12"]
[EventType "swiss"]
[EventRounds "9"]
[EventCountry "TUR"]
[SourceTitle "CB47_2023"]
[SourceDate "2023.11.22"]
[SourceVersion "1"]
[SourceVersionDate "2023.11.22"]
[SourceQuality "1"]

1. d4 Nf6 2. Bf4 d5 3. Nf3 c5 4. e3 Nc6 5. Nbd2 cxd4 6. exd4 Bf5 7. c3 e6 8. Qb3 Bd6 9. Qxb7 Bxf4 10. Qxc6+ Kf8 11. Ba6 h5 12. g3 Bd6 13. Ne5 Rb8 14. Nb3 Rb6 15. Qa4 Qc7 16. Bd3 Bxe5 17. Bxf5 Bxg3 18. hxg3 exf5 19. 0-0-0 g6 20. Rhe1 Kg7 21. Re5 Ne4 22. f3 Nxg3 23. Rde1 h4 24. Re7 Qf4+ 25. Kb1 Rf6 26. Nc5 Qxf3 27. Nd7 Ne4 28. Nxf6 Kxf6 29. Qd7 Rf8 30. Re8 Rxe8 31. Qxe8 Kg7 32. Qe5+ f6 33. Qe7+ Kh6 34. Rg1 Ng3 35. Qxf6 Kh5 36. a4 g5 37. Ka2 Qf2 38. Rd1 Qc2 39. Re1 Qxa4+ 40. Kb1 Kg4 41. Qe5 Qb5 42. Kc2 Qd7 43. c4 Qa4+ 44. b3 Qa2+ 45. Kc1 dxc4 46. bxc4 Qxc4+ 47. Kb2 Qb4+ 48. Kc2 Qc4+ 49. Kb2 h3 50. d5 Qb4+ 51. Kc2 Qc5+ 52. Kb2 h2 53. d6 0-1

[Event "Istanbul op"]
[Site "Istanbul"]
[Date "2023.08.27"]
[Round "2"]
[White "Guven, Oguz Kagan"]
[Black "Eren, Ataberk"]
[Result "0-1"]
[WhiteElo "2141"]
[BlackElo "2330"]
[PlyCount "100"]
[EventDate "2023.08.26"]
[EventType "swiss"]
[EventRounds "9"]
[EventCountry "TUR"]
[SourceTitle "EXT 2024"]
[Source "ChessBase"]
[SourceDate "2023.10.10"]
[SourceVersion "1"]
[SourceVersionDate "2023.10.10"]
[SourceQuality "1"]

1. d4 d5 2. Nf3 Nf6 3. Bf4 e6 4. e3 Bd6 5. Ne5 0-0 6. Bd3 c5 7. c3 Qc7 8. Nd2 b6 9. h4 Ba6 10. Bxa6 Nxa6 11. h5 h6 12. Qf3 cxd4 13. exd4 Nc5 14. Qg3 Nce4 15. Nxe4 Nxe4 16. Qg4 Nf6 17. Qg3 Ne4 18. Qg4 f5 19. Qd1 b5 20. f3 Ng5 21. Qd2 Bxe5 22. Bxe5 Qc4 23. Kf2 Qc6 24. Rae1 a5 25. Bf4 Nh7 26. Rh3 Nf6 27. Be5 Ra7 28. Reh1 Ng4+ 29. Kg3 Nxe5 30. dxe5 Qc4 31. a3 f4+ 32. Kh2 Rd7 33. Rh4 Rf5 34. Re1 Rdf7 35. Qf2 Rg5 36. Qb6 Qb3 37. Re2 Qd1 38. Rf2 Qe1 39. Rh3 Rxe5 40. Rf1 Qe2 41. Rf2 Qe1 42. Rf1 Qe2 43. Rf2 Qe3 44. Qxb5 d4 45. Qb8+ Rf8 46. Qd6 Rd5 47. Qe7 d3 48. Rd2 Rg5 49. Rd1 Qe2 50. Rg1 d2 0-1

[Event "Mersin op 6th"]
[Site "Mersin"]
[Date "2022.09.07"]
[Round "5"]
[White "Asgari, Morteza"]
[Black "Guven, Oguz Kagan"]
[Result "1-0"]
[WhiteElo "2194"]
[BlackElo "2142"]
[PlyCount "57"]
[EventDate "2022.09.04"]
[EventType "swiss"]
[EventRounds "9"]
[EventCountry "TUR"]
[SourceTitle "CBM 210 Extra"]
[Source "ChessBase"]
[SourceDate "2022.11.30"]
[SourceVersion "1"]
[SourceVersionDate "2022.11.30"]
[SourceQuality "1"]

1. e4 c5 2. Nf3 d6 3. d4 cxd4 4. Nxd4 Nf6 5. Nc3 Nc6 6. Bg5 e6 7. Qd2 a6 8. 0-0-0 Bd7 9. f4 Be7 10. Nf3 b5 11. Bxf6 gxf6 12. f5 Qb6 13. Kb1 0-0-0 14. g3 Kb8 15. fxe6 fxe6 16. Bh3 b4 17. Ne2 Bc8 18. Nf4 Ne5 19. Nd4 d5 20. Ndxe6 dxe4 21. Nxd8 Rxd8 22. Qe2 Bxh3 23. Nxh3 f5 24. Nf4 Bd6 25. Nd5 Qc5 26. Ne3 Rc8 27. Rd5 Qc6 28. Rhd1 Bc7 29. Nxf5 1-0

[Event "Mersin op 6th"]
[Site "Mersin"]
[Date "2022.09.07"]
[Round "6"]
[White "Guven, Oguz Kagan"]
[Black "Deveci, Huseyin Said"]
[Result "1-0"]
[WhiteElo "2142"]
[BlackElo "2112"]
[PlyCount "48"]
[EventDate "2022.09.04"]
[EventType "swiss"]
[EventRounds "9"]
[EventCountry "TUR"]
[SourceTitle "CBM 210 Extra"]
[Source "ChessBase"]
[SourceDate "2022.11.30"]
[SourceVersion "1"]
[SourceVersionDate "2022.11.30"]
[SourceQuality "1"]

1. d4 Nf6 2. Bf4 e6 3. Nf3 c5 4. e3 Nc6 5. Nbd2 d5 6. c3 Bd6 7. Bg3 0-0 8. Bb5 Ne7 9. Bd3 cxd4 10. exd4 Nf5 11. Ne5 Bxe5 12. Bxe5 Nd7 13. Bf4 Qf6 14. Qg4 g6 15. 0-0 Qg7 16. Rfe1 a6 17. Qe2 Re8 18. Nf3 b5 19. h3 Bb7 20. a4 b4 21. g4 Ne7 22. Ne5 Nxe5 23. Bxe5 f6 24. Bd6 Nc6 1-0

[Event "TUR-chT 2nd League"]
[Site "Konya"]
[Date "2022.08.23"]
[Round "3.2"]
[White "Ozturk, Emir"]
[Black "Guven, Oguz Kagan"]
[Result "1-0"]
[WhiteElo "2193"]
[BlackElo "2165"]
[PlyCount "133"]
[EventDate "2022.08.22"]
[EventType "team-swiss"]
[EventRounds "9"]
[EventCountry "TUR"]
[SourceTitle "CBM 210 Extra"]
[Source "ChessBase"]
[SourceDate "2022.11.30"]
[SourceVersion "1"]
[SourceVersionDate "2022.11.30"]
[SourceQuality "1"]
[WhiteTeam "Alacati Satranc"]
[BlackTeam "Seyhan Belediye"]
[WhiteTeamCountry "TUR"]
[BlackTeamCountry "TUR"]

1. d4 Nf6 2. c4 c5 3. d5 b5 4. Qc2 g6 5. e4 d6 6. cxb5 Bg7 7. a4 a6 8. Na3 0-0 9. Bc4 axb5 10. axb5 Nbd7 11. Ne2 Nb6 12. 0-0 Nxc4 13. Qxc4 Nd7 14. Qc2 Nb6 15. Bg5 h6 16. Be3 Bd7 17. h4 Ra4 18. Nc3 Rb4 19. g3 f5 20. Qc1 Kh7 21. Nc2 Rb3 22. e5 Nc4 23. exd6 exd6 24. Ra7 Nxb2 25. Ne2 Nd3 26. Qd1 Nb2 27. Qc1 Rf7 28. Nf4 Qb8 29. h5 g5 30. Rxd7 Rxd7 31. Ne6 Nd3 32. Qd1 Ne5 33. Ncd4 cxd4 34. Qxb3 dxe3 35. fxe3 Rf7 36. Qb1 Qb6 37. Nd4 Kg8 38. Rxf5 Rb7 39. Rf2 Ng4 40. Rc2 Rb8 41. Rc6 Qa5 42. Nf5 Ne5 43. Rxd6 Qxb5 44. Rd8+ Bf8 45. Rxb8 Nf3+ 46. Kf2 Qxb1 47. Rxb1 Ne5 48. Rb7 Ng4+ 49. Kf3 Nf6 50. e4 g4+ 51. Kf4 Nxh5+ 52. Kxg4 Nf6+ 53. Kf3 h5 54. d6 Ng4 55. Kf4 Nf6 56. e5 Nd5+ 57. Kg5 h4 58. gxh4 Nc3 59. Kg6 Nd5 60. Ne7+ Bxe7 61. dxe7 Nf4+ 62. Kf5 Kf7 63. Kxf4 Ke8 64. h5 Kf7 65. h6 Ke8 66. h7 Kf7 67. e8Q+ 1-0

[Event "TUR Cup"]
[Site "Adapazari"]
[Date "2022.04.01"]
[Round "11"]
[White "Guven, Oguz Kagan"]
[Black "Kirilmaz, Emre"]
[Result "0-1"]
[WhiteElo "2157"]
[BlackElo "2197"]
[PlyCount "90"]
[EventDate "2022.03.25"]
[EventType "swiss"]
[EventRounds "11"]
[EventCountry "TUR"]
[SourceTitle "EXT 2023"]
[Source "ChessBase"]
[SourceDate "2022.10.05"]
[SourceVersion "1"]
[SourceVersionDate "2022.10.05"]
[SourceQuality "1"]

1. e4 e6 2. d4 d5 3. Nd2 dxe4 4. Nxe4 Bd7 5. Nf3 Bc6 6. Bd3 Nd7 7. 0-0 Ngf6 8. Ng3 Be7 9. Re1 0-0 10. c3 b6 11. a4 Bb7 12. a5 c5 13. a6 Bxf3 14. Qxf3 cxd4 15. cxd4 Nd5 16. Bd2 N7f6 17. Rad1 Bb4 18. Bxb4 Nxb4 19. Bb1 Nxa6 20. Re5 Nb4 21. Nh5 Nxh5 22. Bxh7+ Kxh7 23. Rxh5+ Kg8 24. Qh3 f5 25. Rh8+ Kf7 26. Qh5+ Ke7 27. Rh7 Rf7 28. Re1 Qxd4 29. Rd1 Qg4 30. Rd7+ Kxd7 31. Qxf7+ Kd6 32. h3 Qd1+ 33. Kh2 Kc6 34. Rxg7 Qd6+ 35. g3 Kb5 36. b3 Qd4 37. Qxe6 Qxf2+ 38. Kh1 Qf1+ 39. Kh2 Qf2+ 40. Kh1 Qf1+ 41. Kh2 Rd8 42. Qe5+ Rd5 43. Qe8+ Nc6 44. Rd7 Qf2+ 45. Kh1 Rc5 0-1

[Event "TUR Cup"]
[Site "Adapazari"]
[Date "2022.03.31"]
[Round "10"]
[White "Daghan, Devran"]
[Black "Guven, Oguz Kagan"]
[Result "0-1"]
[WhiteElo "1985"]
[BlackElo "2157"]
[PlyCount "61"]
[EventDate "2022.03.25"]
[EventType "swiss"]
[EventRounds "11"]
[EventCountry "TUR"]
[SourceTitle "EXT 2023"]
[Source "ChessBase"]
[SourceDate "2022.10.05"]
[SourceVersion "1"]
[SourceVersionDate "2022.10.05"]
[SourceQuality "1"]

1. e4 d6 2. d4 Nf6 3. Bd3 e5 4. Nf3 Nc6 5. d5 Ne7 6. c4 Ng6 7. h3 Be7 8. Nc3 0-0 9. Be3 c5 10. Qc2 a6 11. g3 Bd7 12. Nd2 Nh5 13. Qd1 Nhf4 14. Bf1 b5 15. h4 b4 16. Ncb1 h5 17. Nb3 f5 18. gxf4 exf4 19. e5 fxe3 20. e6 exf2+ 21. Kd2 Be8 22. Qxh5 Ne5 23. Qe2 Bxh4 24. Kc2 f4 25. N1d2 Bg6+ 26. Kc1 f3 27. Qe3 Ng4 28. Qd3 Bxd3 29. Bxd3 Qg5 30. Kc2 Ne3+ 31. Kb1 0-1

[Event "TUR Cup"]
[Site "Adapazari"]
[Date "2022.03.25"]
[Round "1"]
[White "Akinci, Ahmet"]
[Black "Guven, Oguz Kagan"]
[Result "0-1"]
[WhiteElo "1379"]
[BlackElo "2157"]
[PlyCount "62"]
[EventDate "2022.03.25"]
[EventType "swiss"]
[EventRounds "11"]
[EventCountry "TUR"]
[SourceTitle "EXT 2023"]
[Source "ChessBase"]
[SourceDate "2022.10.05"]
[SourceVersion "1"]
[SourceVersionDate "2022.10.05"]
[SourceQuality "1"]

1. d4 Nf6 2. c4 c5 3. d5 e6 4. Nc3 exd5 5. cxd5 d6 6. e4 g6 7. Bg5 Bg7 8. h3 0-0 9. Qd2 Re8 10. Bd3 a6 11. a4 Nbd7 12. Nge2 Qc7 13. 0-0 Rb8 14. b3 Ne5 15. Bc4 Nxc4 16. bxc4 Nxe4 17. Qc1 Nxg5 18. Qxg5 Qe7 19. Qd2 Qh4 20. f4 Bf5 21. Rf3 Re7 22. g4 Rbe8 23. Rc1 Be4 24. Re3 f5 25. g5 h6 26. Rg3 hxg5 27. Rxg5 Qxh3 28. Rxg6 Qh1+ 29. Kf2 Qh2+ 30. Kf1 Bf3 31. Ng1 Qxd2 0-1

[Event "TUR Cup"]
[Site "Antalya"]
[Date "2020.01.28"]
[Round "4"]
[White "Guven, Oguz Kagan"]
[Black "Zekeriyaoglu, Ersen"]
[Result "1-0"]
[WhiteElo "2143"]
[BlackElo "1799"]
[PlyCount "129"]
[EventDate "2020.01.26"]
[EventType "swiss"]
[EventRounds "11"]
[EventCountry "TUR"]
[SourceTitle "CBM 194 Extra"]
[Source "ChessBase"]
[SourceDate "2020.03.31"]
[SourceVersion "1"]
[SourceVersionDate "2020.03.31"]
[SourceQuality "1"]

1. Nf3 Nf6 2. c4 c5 3. g3 e6 4. Bg2 Nc6 5. 0-0 d5 6. cxd5 exd5 7. d4 Be7 8. dxc5 Bxc5 9. Bg5 Be6 10. Nc3 0-0 11. Rc1 Be7 12. Nd4 h6 13. Bf4 Qd7 14. Nxc6 bxc6 15. Na4 Bh3 16. Nc5 Qf5 17. Qd3 Qxd3 18. Nxd3 Bxg2 19. Kxg2 Rac8 20. Be3 Rc7 21. Rc2 Rfc8 22. Rfc1 Bd6 23. Nc5 Ng4 24. Bd4 Be5 25. Bxe5 Nxe5 26. b3 Re7 27. h3 g5 28. Na6 Kg7 29. e3 Rb7 30. f4 Nd3 31. Rd1 Rb6 32. Rxd3 Rxa6 33. Rdc3 gxf4 34. gxf4 f5 35. Kf3 Kf7 36. h4 Ke7 37. h5 Kf7 38. b4 Rb6 39. a3 Ke7 40. Rg2 Rf8 41. Ke2 Rf6 42. Kd3 Kd6 43. Kd4 Re6 44. Rg6 Ra6 45. Rxe6+ Kxe6 46. Kc5 Kd7 47. Rb3 Rb6 48. a4 Kc7 49. Rb1 Rb8 50. Rg1 Re8 51. Rg7+ Kd8 52. Kxc6 Rxe3 53. Rxa7 Re4 54. b5 Rxf4 55. Kxd5 Rb4 56. Kc5 Rb1 57. Rf7 Rc1+ 58. Kb6 Rc4 59. a5 f4 60. a6 Ke8 61. Rf5 Ra4 62. a7 Kd7 63. Rxf4 Rxf4 64. a8Q Rf6+ 65. Qc6+ 1-0

[Event "TUR Cup"]
[Site "Antalya"]
[Date "2020.01.26"]
[Round "1"]
[White "Urun, Sina Mete"]
[Black "Guven, Oguz Kagan"]
[Result "0-1"]
[WhiteElo "1494"]
[BlackElo "2143"]
[PlyCount "76"]
[EventDate "2020.01.26"]
[EventType "swiss"]
[EventRounds "11"]
[EventCountry "TUR"]
[SourceTitle "CBM 194 Extra"]
[Source "ChessBase"]
[SourceDate "2020.03.31"]
[SourceVersion "1"]
[SourceVersionDate "2020.03.31"]
[SourceQuality "1"]

1. e4 g6 2. d4 Bg7 3. Nc3 d6 4. Bf4 a6 5. Qd2 b5 6. a3 Bb7 7. Nge2 Nd7 8. f3 c5 9. Be3 Ngf6 10. Bh6 0-0 11. g4 cxd4 12. Nxd4 e5 13. Nb3 Nxe4 14. Nxe4 Qh4+ 15. Qf2 Qxh6 16. Nxd6 Bd5 17. Nd2 Nf6 18. Rg1 Qf4 19. g5 e4 20. fxe4 Qxf2+ 21. Kxf2 Nxe4+ 22. N6xe4 Bd4+ 23. Kg2 Be3 24. c4 Bb7 25. cxb5 Rad8 26. Kg3 Bxg1 27. bxa6 Ba8 28. h4 Kg7 29. Nf3 Ba7 30. Nf6 Bb8+ 31. Kf2 Ba7+ 32. Kg3 Rb8 33. b4 Rfc8 34. Bg2 Rc3 35. Ng4 Rb6 36. Nge5 Rxa6 37. a4 Bb8 38. Kf2 Bxe5 0-1

[Event "TUR-chT Clubs"]
[Site "Konya"]
[Date "2019.07.20"]
[Round "8.5"]
[White "Akcan, Umit"]
[Black "Guven, Oguz Kagan"]
[Result "1/2-1/2"]
[WhiteElo "1960"]
[BlackElo "2142"]
[PlyCount "179"]
[EventDate "2019.07.16"]
[EventType "team-swiss"]
[EventRounds "9"]
[EventCountry "TUR"]
[SourceTitle "CBM 191 Extra"]
[Source "ChessBase"]
[SourceDate "2019.09.30"]
[SourceVersion "1"]
[SourceVersionDate "2019.09.30"]
[SourceQuality "1"]
[WhiteTeam "Goztepe Dernegi"]
[BlackTeam "Krater Genclik"]
[WhiteTeamCountry "TUR"]
[BlackTeamCountry "TUR"]

1. e4 c5 2. Nf3 Nc6 3. Bb5 g6 4. Bxc6 dxc6 5. d3 Bg7 6. h3 e5 7. Be3 b6 8. Qd2 h6 9. Nc3 Ne7 10. 0-0 f5 11. exf5 gxf5 12. Rfe1 Qd6 13. Qe2 0-0 14. Bf4 exf4 15. Qxe7 Qxe7 16. Rxe7 Rf7 17. Rae1 Bd7 18. Rxf7 Kxf7 19. Ne5+ Bxe5 20. Rxe5 Kf6 21. Re1 Re8 22. Rxe8 Bxe8 23. f3 Ke5 24. Ne2 Bf7 25. b3 b5 26. Kf2 b4 27. Ke1 Be6 28. Kd2 Bc8 29. g3 fxg3 30. f4+ Kd5 31. Nxg3 Kd4 32. Ne2+ Kd5 33. Ke3 Bd7 34. c4+ Kd6 35. Ng1 Be8 36. Nf3 Bh5 37. Ne5 a5 38. Kd2 Be8 39. Nf3 Bh5 40. Ne1 Ke6 41. Nc2 Kd6 42. Ne3 Ke6 43. Ke1 Bf3 44. Kf2 Bh5 45. Ke1 Bf3 46. Kd2 Bh5 47. Nf1 Kd6 48. Ng3 Bg6 49. h4 Ke6 50. Ke3 Kd6 51. Ke2 Ke6 52. Kd2 Ke7 53. Ke3 Kd6 54. h5 Bh7 55. Ne2 Bg8 56. Ng3 Be6 57. Kd2 Bd7 58. Ke3 Be6 59. Ne2 Bf7 60. Ng3 Be6 61. Ke2 Bd7 62. Kd2 Be6 63. Kc2 Bd7 64. Kb2 Be6 65. a4 Bd7 66. Kc2 Be6 67. Kd2 Bd7 68. Ke3 Be6 69. Kf3 Bd7 70. Kg2 Be6 71. Kh3 Bd7 72. Ne2 Be6 73. Ng1 Bf7 74. Kh4 Be8 75. Nf3 Bf7 76. Ne5 Be8 77. Nf3 Bf7 78. Nd2 Be8 79. Nf1 Bf7 80. Ng3 Be6 81. Kh3 Bd7 82. Kg2 Be6 83. Kh2 Bd7 84. Kh3 Be6 85. Kh4 Bd7 86. Ne2 Be6 87. Ng1 Bf7 88. Nf3 Be8 89. Ne5 Ke6 90. Nf3 1/2-1/2

[Event "Ankara Ipek Memorial 7th"]
[Site "Ankara"]
[Date "2019.03.10"]
[Round "6"]
[White "Guven, Oguz Kagan"]
[Black "Kizilkus, Akin"]
[Result "1/2-1/2"]
[WhiteElo "2096"]
[BlackElo "2022"]
[PlyCount "39"]
[EventDate "2019.03.06"]
[EventType "swiss"]
[EventRounds "7"]
[EventCountry "TUR"]
[SourceTitle "CBM 189 Extra"]
[Source "ChessBase"]
[SourceDate "2019.06.03"]
[SourceVersion "1"]
[SourceVersionDate "2019.06.03"]
[SourceQuality "1"]

1. e4 e6 2. d4 d5 3. Nd2 c5 4. Ngf3 cxd4 5. exd5 Qxd5 6. Bc4 Qd6 7. 0-0 Nf6 8. Nb3 Nc6 9. Nbxd4 Nxd4 10. Nxd4 a6 11. Bb3 Qc7 12. Qf3 Bd6 13. h3 Bd7 14. Re1 0-0-0 15. c4 Kb8 16. Be3 e5 17. c5 Bxc5 18. Rac1 Qb6 19. Nf5 Bxe3 20. Rxe3 1/2-1/2

[Event "Ankara Ipek Memorial 7th"]
[Site "Ankara"]
[Date "2019.03.10"]
[Round "7"]
[White "Sekerci, Berkin"]
[Black "Guven, Oguz Kagan"]
[Result "0-1"]
[WhiteElo "1711"]
[BlackElo "2096"]
[PlyCount "154"]
[EventDate "2019.03.06"]
[EventType "swiss"]
[EventRounds "7"]
[EventCountry "TUR"]
[SourceTitle "CBM 189 Extra"]
[Source "ChessBase"]
[SourceDate "2019.06.03"]
[SourceVersion "1"]
[SourceVersionDate "2019.06.03"]
[SourceQuality "1"]

1. e4 g6 2. d4 Bg7 3. Nc3 d6 4. Be3 a6 5. a4 b6 6. Qd2 Bb7 7. Bd3 Nd7 8. Nf3 c5 9. 0-0 cxd4 10. Nxd4 Ngf6 11. f3 0-0 12. Rad1 Qc7 13. Rfe1 Rfe8 14. Bf1 Rac8 15. Nb3 Nc5 16. Nxc5 bxc5 17. Bc4 Qa5 18. Nd5 Qxd2 19. Rxd2 Rb8 20. c3 Nxd5 21. exd5 Bc8 22. a5 Bd7 23. Bf4 Bf6 24. Rde2 Red8 25. Ra1 Bb5 26. Bxb5 Rxb5 27. Kf1 Rdb8 28. Ra2 Kg7 29. Ke1 g5 30. Bc1 c4 31. Re4 Rc8 32. Ra4 Rxd5 33. Rexc4 Rxc4 34. Rxc4 Rxa5 35. Kd1 Kg6 36. Kc2 Re5 37. Ra4 Re2+ 38. Kd3 Rxg2 39. Rxa6 Rxh2 40. b4 Rf2 41. b5 Rf1 42. Be3 Rb1 43. b6 Rb3 44. Kc4 Rxc3+ 45. Kb4 Rc2 46. Kb5 Be5 47. b7 Rb2+ 48. Kc6 d5 49. Kd7+ Kf5 50. Rb6 Re2 51. Bc5 d4 52. Bd6 Bxd6 53. Rxd6 Rb2 54. Rd5+ Kf4 55. Kc7 e5 56. Kc6 Rxb7 57. Kxb7 h5 58. Kc6 h4 59. Rd7 Kxf3 60. Kd5 d3 61. Kxe5 Ke3 62. Kf5 h3 63. Rxf7 d2 64. Rh7 d1Q 65. Rxh3+ Kd4 66. Kxg5 Ke4 67. Rg3 Qd6 68. Kh4 Qh6+ 69. Kg4 Qe6+ 70. Kh5 Kf4 71. Rg7 Qe8+ 72. Kh6 Kf5 73. Rf7+ Ke6 74. Rf3 Qc6 75. Re3+ Kf5+ 76. Kg7 Qf6+ 77. Kh7 Qg6+ 0-1

[Event "Ankara Ipek Memorial 7th"]
[Site "Ankara"]
[Date "2019.03.08"]
[Round "3"]
[White "Banci, Dogancan"]
[Black "Guven, Oguz Kagan"]
[Result "0-1"]
[WhiteElo "1599"]
[BlackElo "2096"]
[PlyCount "82"]
[EventDate "2019.03.06"]
[EventType "swiss"]
[EventRounds "7"]
[EventCountry "TUR"]
[SourceTitle "CBM 189 Extra"]
[Source "ChessBase"]
[SourceDate "2019.06.03"]
[SourceVersion "1"]
[SourceVersionDate "2019.06.03"]
[SourceQuality "1"]

1. e4 c5 2. Nc3 a6 3. a4 Nc6 4. Nf3 g6 5. d4 cxd4 6. Nxd4 Bg7 7. Be3 d6 8. Bc4 Nf6 9. h3 0-0 10. 0-0 Bd7 11. Qd2 Rc8 12. Ba2 Na5 13. f3 Nc4 14. Bxc4 Rxc4 15. a5 Qb8 16. b3 Rc5 17. Na4 Bxa4 18. Rxa4 Rcc8 19. c4 e6 20. Bh6 Qa7 21. Be3 Qb8 22. Ne2 Rfe8 23. Bf4 Qa7+ 24. Be3 Qb8 25. Bf4 Red8 26. Rd1 Nd7 27. Qe3 Nc5 28. Rb4 Qc7 29. Rb6 Be5 30. Bg5 f6 31. Bf4 Kf7 32. Bh2 Nd7 33. Bxe5 dxe5 34. Rbd6 Nb8 35. Rxd8 Rxd8 36. Rxd8 Qxd8 37. b4 Nc6 38. Qb3 Qd2 39. Nc3 Nd4 40. Qa3 Qxc3 41. Qxc3 Ne2+ 0-1

[Event "TUR Cup"]
[Site "Antalya"]
[Date "2019.01.30"]
[Round "6"]
[White "Akbas, Umut Ata"]
[Black "Guven, Oguz Kagan"]
[Result "1/2-1/2"]
[WhiteElo "1939"]
[BlackElo "2087"]
[PlyCount "69"]
[EventDate "2019.01.27"]
[EventType "swiss"]
[EventRounds "11"]
[EventCountry "TUR"]
[SourceTitle "CBM 188 Extra"]
[Source "ChessBase"]
[SourceDate "2019.02.26"]
[SourceVersion "1"]
[SourceVersionDate "2019.02.26"]
[SourceQuality "1"]

1. e4 g6 2. d4 Bg7 3. Nc3 d6 4. Be3 a6 5. Qd2 b5 6. Nf3 Bb7 7. a3 Nd7 8. d5 c5 9. dxc6 Bxc6 10. Nd4 Bb7 11. a4 bxa4 12. f3 Ngf6 13. Rxa4 0-0 14. Be2 Nc5 15. Ra3 Qc7 16. 0-0 Rfc8 17. Rfa1 h5 18. Ra5 e6 19. R1a3 Ncd7 20. Bxa6 Bxa6 21. Rxa6 Rxa6 22. Rxa6 Qb7 23. Ra2 Ne5 24. Ndb5 Rd8 25. Bd4 Nc6 26. Qe3 Nxd4 27. Nxd4 h4 28. Ndb5 Qc6 29. Qa7 d5 30. Ra6 Qc4 31. Ra4 Qc6 32. Ra6 Qc4 33. Ra4 Qc8 34. e5 Nd7 35. Nd6 1/2-1/2

[Event "TUR Cup"]
[Site "Antalya"]
[Date "2019.01.29"]
[Round "4"]
[White "Olcum, Ahmet"]
[Black "Guven, Oguz Kagan"]
[Result "1-0"]
[WhiteElo "2320"]
[BlackElo "2087"]
[PlyCount "49"]
[EventDate "2019.01.27"]
[EventType "swiss"]
[EventRounds "11"]
[EventCountry "TUR"]
[SourceTitle "CBM 188 Extra"]
[Source "ChessBase"]
[SourceDate "2019.02.26"]
[SourceVersion "1"]
[SourceVersionDate "2019.02.26"]
[SourceQuality "1"]

1. d4 Nf6 2. Bf4 d5 3. e3 c5 4. c3 Nc6 5. Nd2 Bf5 6. Ngf3 Qb6 7. Nh4 Bd7 8. Qb3 c4 9. Qc2 Nh5 10. Bg3 e6 11. Be2 Nxg3 12. hxg3 Qd8 13. e4 Be7 14. Bf3 g5 15. exd5 gxh4 16. dxc6 Bxc6 17. Bxc6+ bxc6 18. gxh4 Qd5 19. 0-0-0 Qxg2 20. Nxc4 Bxh4 21. Rdg1 Qd5 22. Ne5 Bf6 23. Nxf7 Rf8 24. Rxh7 Qxa2 25. Qg6 1-0